[Event "Challenge"]
[Site "http://www.queenalice.com/game.php?id=1869512"]
[Date "2026.2.20"]
[Round "-"]
[White "jogo"]
[Black "pizzaiolo72"]
[Result "1-0"]
[WhiteElo "1723"]
[BlackElo "2164"]

1. e4 Nf6 2. e5 Nd5 3. c4 Nb6 4. d4 d6 5. f4 dxe5 6. fxe5 Nc6 7. Be3 Bf5 8. Nc3
g6 9. g4 Bd7 10. Nf3 Bxg4 11. Be2 Bxf3 12. Bxf3 Nxc4 13. Qe2 Nxe3 14. Qxe3 Qxd4
15. Bxc6+ 1-0

[Event "Challenge"]
[Site "http://www.queenalice.com/game.php?id=1869599"]
[Date "2026.2.22"]
[Round "-"]
[White "jogo"]
[Black "Capixaba789"]
[Result "1-0"]
[WhiteElo "1731"]
[BlackElo "1943"]

1. e4 e5 2. Bc4 Nc6 3. c3 Nf6 4. Qc2 Be7 5. Nf3 d6 6. Ng5 O-O 7. b4 Bg4 8. h3
Bh5 9. g4 Bg6 10. d3 a5 11. b5 Na7 12. Qb3 Qe8 13. h4 Nxg4 14. h5 Kh8 15. hxg6
fxg6 16. Rxh7# 1-0

[Event "Challenge"]
[Site "http://www.queenalice.com/game.php?id=1869731"]
[Date "2026.2.25"]
[Round "-"]
[White "jogo"]
[Black "SGF"]
[Result "0-1"]
[WhiteElo "1731"]
[BlackElo "1712"]

1. e4 e5 2. Nf3 Qf6 3. c3 d6 4. h3 Be7 5. d4 Qg6 6. Bc4 c6 7. Be3 b5 8. Bf1 a5
9. dxe5 Nd7 10. exd6 Bxd6 11. Nbd2 b4 12. Nh4 Qf6 13. Nhf3 bxc3 14. bxc3 Qxc3
15. Bd4 Qb4 16. Bxg7 Bf4 17. Bxh8 Bxd2+ 18. Nxd2 f6 19. Qh5+ Kd8 20. Qxh7 Qf8
21. Bg7 Qf7 22. Bc4 Qe7 23. Bxg8 Ba6 24. O-O-O Be2 25. Rde1 Qc5+ 26. Kb2 Rb8+
27. Nb3 Qd4+ 28. Kb1 Bd3+ 29. Kc1 Qc3+ 0-1

[Event "Challenge"]
[Site "http://www.queenalice.com/game.php?id=1869732"]
[Date "2026.2.25"]
[Round "-"]
[White "SGF"]
[Black "jogo"]
[Result "0-1"]
[WhiteElo "1694"]
[BlackElo "1786"]

1. d4 Nf6 2. f3 d5 3. e3 h5 4. h4 Bf5 5. Bb5+ c6 6. Bd3 Bxd3 7. Qxd3 Nbd7 8. a4
a5 9. Bd2 e5 10. dxe5 Nxe5 11. Qf5 Nc4 12. b3 Nxd2 13. Kxd2 Bb4+ 14. c3 Bc5 15.
Ne2 O-O 16. Nf4 g6 17. Qh3 Re8 18. Re1 Qb6 19. Kc2 Bxe3 20. g3 Bxf4 21. Rxe8+
Rxe8 22. gxf4 Qf2+ 23. Nd2 Re2 24. Rd1 Kg7 25. Qf1 Rxd2+ 26. Rxd2 Qxf1 27. c4
Qxf3 28. cxd5 Nxd5 29. Rd3 Nb4+ 30. Kb2 Nxd3+ 31. Kc2 Nxf4 32. Kb2 Qf2+ 33. Ka3
Qxh4 34. Kb2 Qf2+ 35. Ka3 Qc5+ 36. Kb2 Nd3+ 37. Ka2 Qc2+ 38. Ka3 Qb2# 0-1

[Event "Challenge"]
[Site "http://www.queenalice.com/game.php?id=1869995"]
[Date "2026.2.28"]
[Round "-"]
[White "altair"]
[Black "jogo"]
[Result "0-1"]
[WhiteElo "1772"]
[BlackElo "1791"]

1. e4 e5 2. Nf3 Nc6 3. a3 f5 4. d3 f4 5. Nc3 Nf6 6. b4 d6 7. h3 Be6 8. Be2 d5 9.
exd5 Nxd5 10. Bb2 Nxc3 11. Bxc3 Bd6 12. b5 Ne7 13. Bxe5 Bxe5 14. Nxe5 O-O 15. f3
Nf5 16. O-O Ne3 17. Qd2 Nxf1 18. Bxf1 Qd4+ 19. Qf2 Qxa1 20. Qc5 Rf5 21. d4 b6
22. Qc6 Qxd4+ 23. Kh1 Bd5 24. Qxc7 Rxe5 25. c3 Qe3 26. c4 Bxf3 27. gxf3 Qxf3+
28. Bg2 Re1+ 29. Kh2 Qg3# 0-1

[Event "Challenge"]
[Site "http://www.queenalice.com/game.php?id=1869996"]
[Date "2026.2.28"]
[Round "-"]
[White "jogo"]
[Black "altair"]
[Result "1-0"]
[WhiteElo "1745"]
[BlackElo "1795"]

1. e4 e5 2. d4 f6 3. dxe5 fxe5 4. Qh5+ g6 5. Qxe5+ Qe7 6. Qxh8 Nf6 7. Bg5 Qxe4+
8. Ne2 d6 9. Bxf6 Bf5 10. Nc3 Qxc2 11. Rc1 Qxb2 12. Nd5 Na6 13. Bxb2 1-0

[Event "Challenge"]
[Site "http://www.queenalice.com/game.php?id=1870007"]
[Date "2026.3.1"]
[Round "-"]
[White "jogo"]
[Black "SGF"]
[Result "1-0"]
[WhiteElo "1712"]
[BlackElo "1740"]

1. e4 e5 2. d4 Qf6 3. dxe5 Qxe5 4. f3 f5 5. Bc4 fxe4 6. Qd5 Qxd5 7. Bxd5 exf3 8.
Nxf3 c6 9. Bb3 a5 10. O-O Bc5+ 11. Kh1 Nf6 12. Re1+ Be7 13. Ng5 d5 14. c4 a4 15.
Bc2 dxc4 16. Nc3 Nbd7 17. Nxa4 b5 18. Nc3 h6 19. Nge4 b4 20. Nxf6+ Nxf6 21. Bg6+
Kd8 22. Ne4 b3 23. Nxf6 Bxf6 24. Bf4 Bxb2 25. Rad1+ Bd7 26. Bf5 bxa2 27. Rxd7+
Kc8 28. Ra7+ Kd8 29. Rxa8# 1-0

[Event "Challenge"]
[Site "http://www.queenalice.com/game.php?id=1870008"]
[Date "2026.3.1"]
[Round "-"]
[White "SGF"]
[Black "jogo"]
[Result "0-1"]
[WhiteElo "1732"]
[BlackElo "1760"]

1. e4 c5 2. Qf3 Nc6 3. c3 Nf6 4. d3 h6 5. Be2 d5 6. h3 dxe4 7. dxe4 Ne5 8. Qf4
Nd3+ 9. Bxd3 Qxd3 10. Nd2 Nh5 11. Qe3 Qxe3+ 12. fxe3 b5 13. Nb3 Ng3 14. Rh2 Nxe4
15. g4 f5 16. gxf5 Bxf5 17. Nf3 e6 18. h4 Bd6 19. Rg2 Bg3+ 20. Ke2 O-O 21. Nxc5
Nxc5 22. Rxg3 Bd3+ 23. Kf2 Ne4+ 24. Kg2 Nxg3 25. Kxg3 Be4 26. Ne5 Rf5 27. Nd7
Rd8 28. Ne5 Rxe5 29. Kf2 Rd1 30. Ke2 Rh1 31. b4 Rh2+ 32. Kd1 Rd5+ 33. Ke1 Rxh4
34. Kf1 Rh1+ 35. Ke2 Rdd1 36. Kf2 Rxc1 37. Rxc1 Rxc1 38. Kg3 Rxc3 39. Kf4 Rc4
40. a3 Bf5+ 41. Ke5 Re4+ 42. Kd6 Rxe3 43. Kc6 a6 44. Kb6 Rxa3 45. Kc5 h5 46. Kb6
h4 47. Kc5 h3 48. Kb6 h2 49. Kc5 h1=Q 50. Kb6 Qd5 51. Ka7 Qd7+ 52. Kb6 Qd6+ 53.
Ka7 Qc7+ 54. Ka8 Be4# 0-1

[Event "Challenge"]
[Site "http://www.queenalice.com/game.php?id=1870017"]
[Date "2026.3.2"]
[Round "-"]
[White "jogo"]
[Black "alow_proton"]
[Result "0-1"]
[WhiteElo "1806"]
[BlackElo "2113"]

1. e4 c5 2. Nf3 d6 3. d4 cxd4 4. Nxd4 Nf6 5. Nc3 e6 6. Bg5 Be7 7. f4 Qa5 8. Bc4
Nxe4 9. O-O Nxc3 10. bxc3 Bxg5 11. fxg5 O-O 12. Qd2 Qc5 0-1

[Event "Challenge"]
[Site "http://www.queenalice.com/game.php?id=1870140"]
[Date "2026.3.6"]
[Round "-"]
[White "jogo"]
[Black "Capixaba789"]
[Result "1-0"]
[WhiteElo "1802"]
[BlackElo "1900"]

1. e4 e5 2. Nf3 d6 3. d4 exd4 4. Nxd4 Be7 5. Bb5+ c6 6. Bc4 Nf6 7. Nc3 O-O 8.
O-O a5 9. a4 Nbd7 10. Qe2 Ne5 11. Bb3 Bg4 12. f3 Bd7 13. h3 h6 14. f4 Ng6 15. f5
Ne5 16. g4 Qb6 17. Be3 c5 18. Nf3 Nexg4 19. hxg4 Nxg4 20. Nd5 Qd8 21. Bf4 Re8
22. Nd2 Bh4 23. Qxg4 Bf6 24. Nxf6+ Qxf6 25. Nc4 Qd4+ 26. Be3 Qf6 27. Rf2 b5 28.
Nb6 Qxb2 29. Raf1 Rad8 30. Nxd7 Rxd7 31. f6 1-0

[Event "Challenge"]
[Site "http://www.queenalice.com/game.php?id=1870160"]
[Date "2026.3.7"]
[Round "-"]
[White "jogo"]
[Black "SGF"]
[Result "1-0"]
[WhiteElo "1772"]
[BlackElo "1717"]

1. e4 e5 2. Nf3 Qf6 3. Nc3 c6 4. a4 a5 5. d4 d6 6. dxe5 dxe5 7. Bg5 Qd6 8. Qxd6
Bxd6 9. O-O-O Kd7 10. Nxe5+ Ke6 11. Nc4 Be5 12. Nxe5 Kxe5 13. f4+ Ke6 14. Bc4#
1-0